000 00635cam a22002533a 4500
001 24232
003 PGUSA
005 20140828083522.0
008 080110s2008||||xxu|||||s|||||000 | eng d
040 _aPGUSA
_beng
042 _adc
050 4 _aPL
100 1 _aUnknown
245 1 0 _a孝經
_h[electronic resource] /
_cUnknown
260 _bProject Gutenberg,
_c2008
506 _aPublic domain in the USA.
516 _aElectronic text
653 _aEthics -- China
740 0 _aXiao jing
740 0 _aShiau Jing
830 0 _aProject Gutenberg
_v24232
856 4 0 _uhttp://www.gutenberg.org/ebooks/24232
942 _cEB
999 _c253487
_d253487